Normal view
MARC view
Entry Personal Name
001 - CONTROL NUMBER
- control field: 45578
003 - CONTROL NUMBER IDENTIFIER
- control field: OSt
005 - DATE AND TIME OF LATEST TRANSACTION
- control field: 20240603151346.0
008 - FIXED-LENGTH DATA ELEMENTS
- fixed length control field: 240603|| aca||aabn | a|a d
040 ## - CATALOGING SOURCE
- Original cataloging agency: OSt
- Transcribing agency: OSt
100 ## - HEADING--PERSONAL NAME
- Personal name: Subramanian, Lakshmi
670 ## - SOURCE DATA FOUND
- Source citation: Work cat.: (OSt)526433: Subramanian, Lakshmi , Amanda Weidman, brought to life by the voice: Playback singing and cultural politics in South India
